| 000 | 00392nam a2200169Ia 4500 | ||
|---|---|---|---|
| 999 |
_c19944 _d19944 |
||
| 003 | 0100 | ||
| 005 | 20190307094602.0 | ||
| 008 | 130303s9999 xx 000 0 und d | ||
| 040 | _cARRUPELIB | ||
| 050 | _aLB1051.D369 1994 | ||
| 100 |
_aDembo, Myron H _941865 |
||
| 245 |
_aApplying educational psychology _cMyron H. Dembo |
||
| 250 | _a5th. ed. | ||
| 260 |
_aNew York _bLongman _c1994 |
||
| 300 |
_axxix, 633p. ; _c26cm. |
||
| 650 |
_aEducational psychology _917222 |
||
| 650 |
_aLearning, Psychology of _913205 |
||
| 650 |
_aClassroom management _934935 |
||
| 942 |
_2lcc _cMONOGRAPH |
||